| 000 | 00960nam a2200265Ia 4500 | ||
|---|---|---|---|
| 003 | OSt | ||
| 005 | 20221005103953.0 | ||
| 006 | a|||||r|||| 00| 0 | ||
| 007 | ta | ||
| 008 | 221004b |||||||| |||| 00| 0 hin d | ||
| 020 | _a9788179171325 (hbk) | ||
| 024 | _a26470 | ||
| 037 |
_bGift, 06/05/2016, _cTextual |
||
| 040 |
_aCRL _cCRL _bhin |
||
| 041 |
_2hin _ahin |
||
| 082 | _a40aY, 152Q0 | ||
| 100 | _aपारख, जवरीमल्ल | ||
| 245 | 0 | _aजनसंचार माध्यम और सांस्कृतिक विमर्श | |
| 246 | _aJanasanchār mādhyam aur sāanskṛutik vimarsha | ||
| 260 |
_aदिल्ली _bग्रंथ शिल्पी भारत _c2010 |
||
| 300 |
_a276पृ0 _ccm. |
||
| 650 | _aहिन्दी पत्रकारिता | ||
| 942 |
_h40aY, 152Q0 _cTEXL _2cc |
||
| 999 |
_c1011405 _d1011405 |
||